LEADER 00888nas a2200217 i 4500 001 000000162980 003 CaOOAMICUS 005 20081103000000.0 008 070713b1998 vc uu u0 0mul r 013 $a140344 040 $aSeMil$bita 245 10$a1997 /$cWilli Henkel. 260 $aVatican City :$bPontifical Urban[iana] University,$c1998. 300 $a405 p. ;$c24 cm. 700 1 $aHenkel, Willi .$0(OLS)http://semarc/name/3472 773 0 $tBibliographia Missionaria.$dVatican City : Pontifical Urban[iana] University, 1987.$x0394-9869$w()1990 850 $aSeMil 852 $aSeMil$W1$xVenegono$y1$m§ 199 6 161$j253334$B114300$CSeMilBibl$Z2$F125174 $85 961 $aAbbonamento: Pontificia Universitą Urbaniana 996 $6245$a1997$9(OLS)http://semarc/title/212353 996 $6260$aVatican City :$bPontifical Urban[iana] University$9(OLS)http://semarc/publisher/30494 LEADER 01621nam a2200313 i 4500 001 000000211274 003 CaOOAMICUS 005 20120227000000.0 008 120227s2012 it u000 u ita u 013 $a190087 040 $aSeMil$bita 100 1 $aAntonelli, Mario,$d<1960- >.$0(OLS)http://semarc/name/19052 245 10$aE se qualcuno mi vede? Dalla vergogna al pudore /$cMario Antonelli ; Emilio Gnani ; Ugo Lorenzi ; Luca Melchioretto. 260 $a[S.l.] :$bSeminario Arcivescovile di Milano,$c2012. 300 $a50 p. ;$c21 cm. 490 0 $aQuaderni di S. Pietro Martire 490 0 $aQuaderni di S. Pietro Martire. Serie Intelligenza della fede ;$v35 500 $aIn testa al front : Comunitą Propedeutica e del Biennio Teologico. - [Pubblicazione degli Incontri di Cultura e Spiritualitą 2012]. 650 4$aVergogna.$0(OLS)http://semarc/subject/19244 650 4$aPudore.$0(OLS)http://semarc/subject/13544 700 1 $aMelchioretto, Luca.$0(OLS)http://semarc/name/75499 700 1 $aLorenzi, Ugo.$0(OLS)http://semarc/name/66062 700 1 $aGnani, Emilio.$0(OLS)http://semarc/name/75498 830 0$aQuaderni di S. Pietro Martire.$0(OLS)http://semarc/title/19757 830 0$aQuaderni di S. Pietro Martire. Serie Intelligenza della fede ;$v35.$0(OLS)http://semarc/title/19763 850 $aSeMil 852 $aSeMil$W1$xVenegono$y1$m5D V 26/14$j161717$B161717$CSeMilBibl$Z2$F173034 $81 996 $6245$aE se qualcuno mi vede? Dalla vergogna al pudore$9(OLS)http://semarc/title/305248 996 $6260$a[S.l.] :$bSeminario Arcivescovile di Milano$9(OLS)http://semarc/publisher/44246